Slough Estates Plc, Howard Centre Properties Ltd, Slough Industrial Estates Ltd v Welwyn Hatfield DC and A1 Galleria Investment Corporation Ltd (Record no. 20834)

MARC details
000 -LEADER
fixed length control field 00939cab a2200241 4500
001 - CONTROL NUMBER
control field X3520
008 - FIXED-LENGTH DATA ELEMENTS--GENERAL INFORMATION
fixed length control field 090401t1996 xxu||||| |||| 00| 0 eng d
035 ## - SYSTEM CONTROL NUMBER
System control number (Sirsi) u30969
041 ## - LANGUAGE CODE
Language code of text/sound track or separate title eng
245 ## - TITLE STATEMENT
Title Slough Estates Plc, Howard Centre Properties Ltd, Slough Industrial Estates Ltd v Welwyn Hatfield DC and A1 Galleria Investment Corporation Ltd
260 ## - PUBLICATION, DISTRIBUTION, ETC.
Date of publication, distribution, etc. 1996
350 ## - PRICE (NR) (BK AM CF MU VM SE) [OBSOLETE]
Price 0
490 ## - SERIES STATEMENT
Series statement New Property Cases
Volume/sequential designation [1996] NPC 118, (4)
520 ## - SUMMARY, ETC.
Summary, etc. QBD 11 July 1996. Deceit - tenant mix agreement - wether secret agreement by local authority with one developer deceived another - claim for damages TAKEN FROM ARTICLE. NOT TO BE PHOTOCOPIED
650 ## - SUBJECT ADDED ENTRY--TOPICAL TERM
Topical term or geographic name entry element DAMAGES
650 ## - SUBJECT ADDED ENTRY--TOPICAL TERM
Topical term or geographic name entry element DECEIT
650 ## - SUBJECT ADDED ENTRY--TOPICAL TERM
Topical term or geographic name entry element SHOPPING CENTRES
650 ## - SUBJECT ADDED ENTRY--TOPICAL TERM
Topical term or geographic name entry element SLOUGH ESTATES PLC AND OTHERS V WELWYN HATFIELD DC AND A1 GALLERIA INV
650 ## - SUBJECT ADDED ENTRY--TOPICAL TERM
Topical term or geographic name entry element TENANT MIX AGREEMENT
690 ## - LOCAL SUBJECT ADDED ENTRY--TOPICAL TERM (OCLC, RLIN)
Topical term or geographic name as entry element PLANNING LAW AND PRACTICE-CASE LAW
942 ## - ADDED ENTRY ELEMENTS (KOHA)
Suppress in OPAC 0
948 ## - LOCAL PROCESSING INFORMATION (OCLC); SERIES PART DESIGNATOR (RLIN)
c (OCLC) 04/03/1997
Holdings
Withdrawn status Lost status Source of classification or shelving scheme Damaged status Not for loan Home library Current library Shelving location Date acquired Total Checkouts Full call number Barcode Date last seen Copy number Price effective from Koha item type
    Dewey Decimal Classification     London London Journal article 14/09/1999   X3520 30969-1001 06/08/2019 1 06/08/2019 Law report